Online
Catalog

Selected poetry and prose / (Record no. 2972)

MARC details
000 -CABECERA
campo de control de longitud fija 00622cam a2200181 a 4500
001 - NÚMERO DE CONTROL
campo de control 000003141
005 - FECHA Y HORA DE LA ÚLTIMA TRANSACCIÓN
campo de control 20200929150336.0
008 - DATOS DE LONGITUD FIJA--INFORMACIÓN GENERAL
campo de control de longitud fija 830823s1960 nyu 001 0 eng
040 ## - FUENTE DE LA CATALOGACIÓN
Centro catalogador/agencia de origen DO-SdBNP
Lengua de catalogación spa
Centro/agencia transcriptor BNPHU
082 ## - NÚMERO DE LA CLASIFICACIÓN DECIMAL DEWEY
Número de clasificación 811.54
Número de documento/Ítem B465s
100 1# - ENTRADA PRINCIPAL--NOMBRE DE PERSONA
Nombre de persona Benét, Stephen Vincent,
Fechas asociadas al nombre 1898-1943.
9 (RLIN) 9910
245 10 - MENCIÓN DE TÍTULO
Título Selected poetry and prose /
Mención de responsabilidad, etc. Stephen Vincent Benét; edición e introducción, Basil Davenport.
260 ## - PUBLICACIÓN, DISTRIBUCIÓN, ETC.
Lugar de publicación, distribución, etc. New York :
Nombre del editor, distribuidor, etc. Rinehart and Winston,
Fecha de publicación, distribución, etc. 1960.
300 ## - DESCRIPCIÓN FÍSICA
Extensión 336 p. ;
Dimensiones 19 cm.
650 #4 - PUNTO DE ACCESO ADICIONAL DE MATERIA--TÉRMINO DE MATERIA
Término de materia o nombre geográfico como elemento de entrada Poesía estadounidense
9 (RLIN) 6278
650 #4 - PUNTO DE ACCESO ADICIONAL DE MATERIA--TÉRMINO DE MATERIA
Término de materia o nombre geográfico como elemento de entrada Literatura estadounidense
9 (RLIN) 263
700 1# - PUNTO DE ACCESO ADICIONAL--NOMBRE DE PERSONA
Nombre de persona Davenport, Basil,
Término indicativo de función/relación ed.
9 (RLIN) 9911
Holdings
Estado de retiro Estado de pérdida Fuente del sistema de clasificación o colocación Restricciones de uso No para préstamo Código de colección Localización permanente Ubicación/localización actual Ubicación en estantería Fecha de adquisición Total de préstamos Signatura topográfica completa Código de barras Fecha visto por última vez Precio válido a partir de Tipo de ítem Koha
    Dewey Decimal Classification Préstamo en sala   General Biblioteca Nacional Pedro Henríquez Ureña Biblioteca Nacional Pedro Henríquez Ureña Depósito 07.07.2009   811.54 B465s 3141-10 25.06.2020 25.06.2020 Libro

Powered by Koha